<?xml version="1.0" encoding="UTF-8"?>
<record
    xmlns:xsi="http://www.w3.org/2001/XMLSchema-instance"
    xsi:schemaLocation="http://www.loc.gov/MARC21/slim http://www.loc.gov/standards/marcxml/schema/MARC21slim.xsd"
    xmlns="http://www.loc.gov/MARC21/slim">

  <leader>00850cam a2200193Ia 4500</leader>
  <controlfield tag="001">u17676</controlfield>
  <controlfield tag="003">SIRSI</controlfield>
  <controlfield tag="008">050929s2004    it            000 0 ara d</controlfield>
  <datafield tag="020" ind1=" " ind2=" ">
    <subfield code="a">925604725x</subfield>
  </datafield>
  <datafield tag="040" ind1=" " ind2=" ">
    <subfield code="a">EAL</subfield>
  </datafield>
  <datafield tag="041" ind1=" " ind2=" ">
    <subfield code="a">ara</subfield>
  </datafield>
  <datafield tag="050" ind1=" " ind2=" ">
    <subfield code="a">ORG SB601</subfield>
    <subfield code="b">k58 2004</subfield>
  </datafield>
  <datafield tag="245" ind1="1" ind2="0">
    <subfield code="a">&#x62E;&#x637;&#x648;&#x637; &#x62A;&#x648;&#x62C;&#x64A;&#x647;&#x64A;&#x629; &#x628;&#x634;&#x623;&#x646; &#x62A;&#x646;&#x638;&#x64A;&#x645; &#x648;&#x62A;&#x641;&#x639;&#x64A;&#x644; &#x628;&#x631;&#x627;&#x645;&#x62C; &#x627;&#x644;&#x62A;&#x62F;&#x631;&#x64A;&#x628; &#x648;&#x625;&#x62C;&#x631;&#x627;&#x621;&#x627;&#x62A; &#x645;&#x646;&#x62D; &#x627;&#x644;&#x634;&#x647;&#x627;&#x62F;&#x627;&#x62A; &#x644;&#x644;&#x642;&#x627;&#x626;&#x645;&#x64A;&#x646; &#x628;&#x62A;&#x634;&#x63A;&#x64A;&#x644; &#x623;&#x62C;&#x647;&#x632;&#x629; &#x627;&#x633;&#x62A;&#x62E;&#x62F;&#x627;&#x645; &#x645;&#x628;&#x64A;&#x62F;&#x627;&#x62A; &#x627;&#x644;&#x622;&#x641;&#x627;&#x62A;/</subfield>
    <subfield code="c">&#x645;&#x646;&#x638;&#x645;&#x629; &#x627;&#x644;&#x623;&#x63A;&#x630;&#x64A;&#x629; &#x648;&#x627;&#x644;&#x632;&#x631;&#x627;&#x639;&#x629; &#x644;&#x644;&#x623;&#x645;&#x645; &#x627;&#x644;&#x645;&#x62A;&#x62D;&#x62F;&#x629;.</subfield>
  </datafield>
  <datafield tag="260" ind1=" " ind2=" ">
    <subfield code="a">&#x631;&#x648;&#x645;&#x627;:</subfield>
    <subfield code="b">&#x645;&#x646;&#x638;&#x645;&#x629; &#x627;&#x644;&#x623;&#x63A;&#x630;&#x64A;&#x629; &#x648;&#x627;&#x644;&#x632;&#x631;&#x627;&#x639;&#x629; &#x644;&#x644;&#x645;&#x645; &#x627;&#x644;&#x645;&#x62A;&#x62D;&#x62F;&#x629;,</subfield>
    <subfield code="c">2004.</subfield>
  </datafield>
  <datafield tag="300" ind1=" " ind2=" ">
    <subfield code="a">viii,15&#x635;:</subfield>
    <subfield code="c">24&#x633;&#x645;.</subfield>
  </datafield>
  <datafield tag="504" ind1=" " ind2=" ">
    <subfield code="a">&#x64A;&#x62D;&#x62A;&#x648;&#x64A; &#x639;&#x644;&#x649; &#x642;&#x627;&#x626;&#x645;&#x629; &#x628;&#x628;&#x644;&#x64A;&#x648;&#x62C;&#x631;&#x627;&#x641;&#x64A;&#x629; &#x628;&#x627;&#x644;&#x645;&#x631;&#x627;&#x62C;&#x639;</subfield>
  </datafield>
  <datafield tag="596" ind1=" " ind2=" ">
    <subfield code="a">1</subfield>
  </datafield>
  <datafield tag="942" ind1=" " ind2=" ">
    <subfield code="c">BK</subfield>
    <subfield code="2">lcc</subfield>
  </datafield>
  <datafield tag="952" ind1=" " ind2=" ">
    <subfield code="0">0</subfield>
    <subfield code="1">0</subfield>
    <subfield code="2">lcc</subfield>
    <subfield code="4">0</subfield>
    <subfield code="7">0</subfield>
    <subfield code="a">ENAL</subfield>
    <subfield code="b">ENAL</subfield>
    <subfield code="d">2018-02-20</subfield>
    <subfield code="l">0</subfield>
    <subfield code="o">ORG SB601  K58 2004</subfield>
    <subfield code="p">31260-1001</subfield>
    <subfield code="r">2018-02-20 00:00:00</subfield>
    <subfield code="t">1</subfield>
    <subfield code="w">2018-02-20</subfield>
    <subfield code="y">BK</subfield>
  </datafield>
  <datafield tag="999" ind1=" " ind2=" ">
    <subfield code="c">25546</subfield>
    <subfield code="d">25546</subfield>
  </datafield>
</record>
